Slovenčina spod Vitoše

Bibliographic Details
Main Author: Steinerová, Hilda (Author)
Format: Article
Language:Slovak
PhysicalDescription:Fotogr. 1
Subjects:

MARC

LEADER 00000nab a2200000 a 4500
001 vtls000505031
003 SK-MaSNL
005 20260305010445.0
008 120927c xo 0 slo
015 |a SNBRB19rr/mm-uuuuu 
035 |a CL0505169 
040 |a SNKBUCL  |b slo  |c SNKBUCL  |e AACR2 
041 0 |a slo 
044 |a xo  |c SK 
080 |a 372.880(=867)  |2 1981 
080 |a 800  |2 1981 
080 |a 378.4.096:1  |2 1981 
100 1 |a Steinerová, Hilda  |4 aut  |9 395622 
245 1 0 |a Slovenčina spod Vitoše  |c Hilda Steinerová 
300 |b Fotogr. 1 
610 2 7 |a Univerzita Komenského v Bratislave.  |b Filozofická fakulta  |2 SNKKA 
650 0 7 |a slovenčina  |2 snkbucl  |9 1350 
650 0 7 |a slovakisti  |2 snkbucl  |9 71898 
651 7 |a 5100  |2 snkbucl  |9 166206 
655 7 |a články z novín a časopisov  |2 snkbucl  |9 267496 
773 0 |t Slovenské národné noviny  |g Roč. 4 (8), č. 38 (1993), s. 13 
850 |a Slovenská národná knižnica v Martine  |a MTA001 
852 |a SNK  |b KIS3GCP 
958 |a RK 
992 |a RBX 
999 |c 3246830  |d 3248760